Score 0/16 Timer 03:00
0 Plays Today
Hint Missing Word % Correct
____ ChurchillWinston
98.4%
Margaret ____Thatcher
97.3%
Tony ____Blair
95.1%
Theresa ____May
94.9%
Arthur Wellesley, 1st ____ of WellingtonDuke
86.8%
____ MajorJohn
86.4%
Gordon ____Brown
80.3%
____ DisraeliBenjamin
79.1%
Hint Missing Word % Correct
David ____ GeorgeLloyd
77%
____ AttleeClement
72.6%
Sir ____ PeelRobert
63%
Harold ____Wilson
56.4%
____ BaldwinStanley
47.8%
____ MacDonaldRamsay
44.8%
William Ewart ____Gladstone
34.7%
Robert Jenkinson, 2nd Earl of ____Liverpool
16.8%

Today's Daily Dose

Missing Word
1900s A-Z

Word Ladder
Space Firsts

Quick Pick
Salsa

Get the Picture
Body Systems

Remove Ads.
Support Sporcle.
Get the best of Sporcle when you Go Orange. This ad-free experience offers more features, more stats, and more fun while also helping to support Sporcle. Thank you for becoming a member.

You're not logged in!

Compare scores with friends on all Sporcle quizzes.
OR
Log In

Show Comments

Extras

Top Quizzes Today


Score Distribution

Your Account Isn't Verified!

In order to create a playlist on Sporcle, you need to verify the email address you used during registration. Go to your Sporcle Settings to finish the process.

Report this User

Report this user for behavior that violates our Community Guidelines.

Details: